<?xml version="1.0" encoding="UTF-8"?>
<record
    xmlns:xsi="http://www.w3.org/2001/XMLSchema-instance"
    xsi:schemaLocation="http://www.loc.gov/MARC21/slim http://www.loc.gov/standards/marcxml/schema/MARC21slim.xsd"
    xmlns="http://www.loc.gov/MARC21/slim">

  <leader>00472nam a2200157   4500</leader>
  <datafield tag="999" ind1=" " ind2=" ">
    <subfield code="c">93859</subfield>
    <subfield code="d">93859</subfield>
  </datafield>
  <controlfield tag="005">20191018093943.0</controlfield>
  <controlfield tag="008">170522b        xxu||||| |||| 00| 0 eng d</controlfield>
  <datafield tag="040" ind1=" " ind2=" ">
    <subfield code="c">PK-LaUMT</subfield>
  </datafield>
  <datafield tag="082" ind1=" " ind2=" ">
    <subfield code="a">UMT 891.4391</subfield>
    <subfield code="b">SHU-S</subfield>
  </datafield>
  <datafield tag="100" ind1=" " ind2=" ">
    <subfield code="a">Shula Hashmi = &#x634;&#x639;&#x644;&#x6C1; &#x6C1;&#x627;&#x634;&#x645;&#x6CC;</subfield>
  </datafield>
  <datafield tag="245" ind1=" " ind2=" ">
    <subfield code="a">Sitarah arsh = &#x633;&#x62A;&#x627;&#x631;&#x6C1; &#x639;&#x631;&#x634; /</subfield>
    <subfield code="c">Shula Hashmi = &#x634;&#x639;&#x644;&#x6C1; &#x6C1;&#x627;&#x634;&#x645;&#x6CC;</subfield>
  </datafield>
  <datafield tag="260" ind1=" " ind2=" ">
    <subfield code="a">Lahore :</subfield>
    <subfield code="b">University of Management and Technology,</subfield>
    <subfield code="c">2017</subfield>
  </datafield>
  <datafield tag="300" ind1=" " ind2=" ">
    <subfield code="a">175 p.</subfield>
  </datafield>
  <datafield tag="546" ind1=" " ind2=" ">
    <subfield code="a">Urdu</subfield>
  </datafield>
  <datafield tag="942" ind1=" " ind2=" ">
    <subfield code="c">BK</subfield>
  </datafield>
  <datafield tag="952" ind1=" " ind2=" ">
    <subfield code="0">0</subfield>
    <subfield code="1">0</subfield>
    <subfield code="4">0</subfield>
    <subfield code="7">0</subfield>
    <subfield code="a">01</subfield>
    <subfield code="b">01</subfield>
    <subfield code="d">2017-05-22</subfield>
    <subfield code="l">0</subfield>
    <subfield code="o">UMT 891.4391 SHU-S</subfield>
    <subfield code="p">109268</subfield>
    <subfield code="r">2017-05-22 00:00:00</subfield>
    <subfield code="w">2017-05-22</subfield>
    <subfield code="y">BK</subfield>
  </datafield>
  <datafield tag="952" ind1=" " ind2=" ">
    <subfield code="0">0</subfield>
    <subfield code="1">0</subfield>
    <subfield code="4">0</subfield>
    <subfield code="7">0</subfield>
    <subfield code="a">01</subfield>
    <subfield code="b">01</subfield>
    <subfield code="d">2019-10-18</subfield>
    <subfield code="l">0</subfield>
    <subfield code="o">UMT 891.4391 SHU-S</subfield>
    <subfield code="p">132070</subfield>
    <subfield code="r">2019-10-18 00:00:00</subfield>
    <subfield code="t">C. 2</subfield>
    <subfield code="w">2019-10-18</subfield>
    <subfield code="y">BK</subfield>
  </datafield>
</record>
